Factores que hicieron posible el éxito de la revolución en Nicaragua

Sistematiza los elementos que contribuyeron al éxito de la insurrección popular en Nicaragua, dentro de las contradicciones propias del proceso de modernización capitalista - Destaca que los tres elementos esenciales en que se baso el poder absoluto del somocismo fueron la unidad en el bloque domina...

全面介绍

Guardado en:
书目详细资料
主要作者: Castillo, Donald
格式: Texto
出版: México: UNAM
标签: 添加标签
没有标签, 成为第一个标记此记录!

MARC

LEADER 00000 a a2200000 04500
001 20674
003
040
090 |a 087600  
100 |a Castillo, Donald  
245 |a Factores que hicieron posible el éxito de la revolución en Nicaragua  
260 |a México:   |b UNAM  
300 |a 21 p.  
520 |a Sistematiza los elementos que contribuyeron al éxito de la insurrección popular en Nicaragua, dentro de las contradicciones propias del proceso de modernización capitalista - Destaca que los tres elementos esenciales en que se baso el poder absoluto del somocismo fueron la unidad en el bloque dominante del poder, el control militar eficiente y el apoyo de los Estados Unidos. Señala que al resquebrajarse dichos elementos se dio en buena parte el ascenso de la rebelión popular. Destaca los elementos externos que contribuyeron al triunfo de la insurrección, tales como la política de derechos humanos de Carter y la solidaridad internacional, manifestada en diferentes formas. Afirma que la causa fundamental del triunfo de la rebelión fue el espíritu de lucha del pueblo  
999 |c 11717  |d 11717